000 03157nam0a2200361 4500
001 RU\NLR\BIBL_A\012805651
005 20220704102629.0
010 _a978-5-9704-6735-0
_9500
021 _aRU
_bКН-П-22-012683
_9КН-П-22-1077
035 _a(NLR Aleph) 012805651
090 _a13196982
_c13196982
100 _a20220601d2022 u y0rusy50 ca
101 0 _arus
102 _aRU
105 _aac||j|||000zy
181 0 _ai3
_baxxe
182 0 _an
200 1 _aСестринская помощь при патологии органов пищеварения
_eучебник для использования в образовательном процессе образовательных организаций, реализующих программы среднего профессионального образования по специальностям 34.02.01 "Сестринское дело" по ПМ.02 "Участие в лечебно-диагностическом и реабилитационном процессах", МДК.02.01 "Сестринских уход при различных состояниях и заболеваниях", ПМ.01 "Проведение профилактических мероприятий", ПМ.03 "Оказание доврачебной медицинской помощи при неотложных и экстремальных состояниях"; 31.02.02 "Акушерское дело" по ПМ.02 "Медицинская помощь беременным и детям при заболеваниях, отравлениях и травмах", МДК.02.01 "Соматические заболевания, отравления и беременность", МДК.02.02 "Инфекционные заболевания и беременность"
_fР. Г. Сединкина, Е. Р. Демидова, Л. Ю. Игнатюк
203 _aТекст
_bвизуальный
_cнепосредственный
210 _aМосква
_cГЭОТАР-Медиа
_d2022
215 _a767 с., [2] л. цв. ил.
_cил., портр.
_d22
225 1 _aУчебник для медицинских училищ и колледжей
300 _aНа обороте тит. с. авт.: Р.Г. Сединкина - канд. мед. наук, преподаватель, Е.Р. Демидова - преподаватель, Л.Ю. Игнатюк - преподаватель
320 _aБиблиогр.: с. 765-767
606 1 _aПищеварительная система
_xБолезни
_xУход за больными
_jУчебники для среднего профессионального образования
_2nlr_sh1
_3RU\NLR\AUTH\66805218
686 1 _aР413-5,8я72-1
700 1 _aСединкина
_bР. Г.
_gРаиса Георгиевна
701 1 _aДемидова
_bЕ. Р.
_gЕкатерина Романовна
701 1 _aИгнатюк
_bЛ. Ю.
_gЛюдмила Юрьевна
942 _cBOOK
980 _aNB